| 000 | 01057nam a22002297a 4500 | ||
|---|---|---|---|
| 999 |
_c65721 _d65721 |
||
| 005 | 20240530110840.0 | ||
| 008 | 191223s ua f 000 0 ara d | ||
| 017 |
_a2009/24608 _bمصر. دار الكتب |
||
| 020 | _a9789770463268 | ||
| 040 |
_aEG-CaGPL _cEG-CaGPL |
||
| 082 | 0 | 4 |
_221 _a341.37 _bق/ح ح |
| 100 | 0 | _aحسن سعد سند ، معمر رتيب محمد عبدالحافظ | |
| 245 | 1 | 0 |
_aحماية واسترداد الاثار المصرية : _bفى ضوء المعاهدات الدولية (خطوة للامام نحو استرداد الاثار المصرية) _cحسن سعد سند ،معمر رتيب محمد عبدالحافظ |
| 260 |
_aالقاهرة : _bدار النهضة العربية، |
||
| 300 |
_a162 ص. : _bايض. ؛ _c24 سم. |
||
| 650 | 0 | 7 |
_2qrmak _a الاثار المصرية _zمصر |
| 651 | _2qrmak | ||
| 653 | _aحماية الاثار المصرية | ||
| 700 |
_aمعمر رتيب محمد عبدالحافظ _eاعداد |
||
| 942 |
_2ddc _cBK |
||